Music Quiz

Random Music or Lyrics Quiz
Score 0/225 Timer 10:00
0 Plays Today
Lyrics % Correct
Four
100%
years
100%
old
100%
my
100%
birthday
100%
my
100%
dirt
100%
old
100%
years
100%
dirt
100%
my
100%
my
100%
dirt
100%
four
100%
dirt
100%
years
100%
my
100%
dirt
100%
my
100%
dirt
100%
old
100%
dirt
100%
opened
83.3%
presents,
83.3%
I
83.3%
tonka
83.3%
to
83.3%
In
83.3%
'cause
83.3%
I
83.3%
In
83.3%
as
83.3%
a
83.3%
and
83.3%
a
83.3%
Mama
83.3%
should
83.3%
have
83.3%
bought
83.3%
all
83.3%
clothes
83.3%
in
83.3%
brown
83.3%
'cause
83.3%
In
83.3%
I
83.3%
the
83.3%
and
83.3%
the
83.3%
bought
83.3%
a
83.3%
a
83.3%
I
83.3%
in
83.3%
the
83.3%
and
83.3%
to
83.3%
in
83.3%
as
83.3%
a
83.3%
and
83.3%
a
83.3%
the
83.3%
and
83.3%
the
83.3%
a
83.3%
I
83.3%
I
83.3%
'cause
83.3%
I
83.3%
I
83.3%
to
83.3%
I
83.3%
they
83.3%
ate
66.7%
Lyrics % Correct
some
66.7%
cake
66.7%
took
66.7%
outside
66.7%
play
66.7%
Six
66.7%
hard
66.7%
line
66.7%
drive
66.7%
that
66.7%
ball
66.7%
just
66.7%
sailed
66.7%
on
66.7%
by
66.7%
was
66.7%
busy
66.7%
writing
66.7%
that
66.7%
name
66.7%
of
66.7%
mine
66.7%
It
66.7%
was
66.7%
first
66.7%
good
66.7%
love
66.7%
gold
66.7%
heaven
66.7%
was
66.7%
shovel
66.7%
foot
66.7%
hole
66.7%
two
66.7%
i'd
66.7%
turn
66.7%
'em
66.7%
that
66.7%
anyhow
66.7%
of
66.7%
that
66.7%
was
66.7%
drive
66.7%
so
66.7%
even
66.7%
it
66.7%
play
66.7%
at
66.7%
was
66.7%
It
66.7%
was
66.7%
first
66.7%
love
66.7%
good
66.7%
gold
66.7%
heaven
66.7%
was
66.7%
shovel
66.7%
two
66.7%
foot
66.7%
hole
66.7%
It's
66.7%
out
66.7%
got
66.7%
on
66.7%
I'd
66.7%
be
66.7%
it
66.7%
for
66.7%
of
66.7%
go
66.7%
be
66.7%
for
66.7%
six
66.7%
of
66.7%
Lyrics % Correct
It's
66.7%
just
66.7%
straight
50%
colour
50%
between
50%
car
50%
front
50%
steps
50%
church
50%
Turned
50%
sixteen
50%
Chevrolet
50%
wheel
50%
what
50%
happy
50%
day
50%
if
50%
rained
50%
could
50%
Couple
50%
later
50%
wouldn't
50%
you
50%
know
50%
Lost
50%
heart
50%
rodeo
50%
She
50%
fell
50%
off
50%
her
50%
horse
50%
covered
50%
head
50%
toe
50%
reason
50%
I'm
50%
here
50%
tilling
50%
this
50%
land
50%
rodeo
50%
queen's
50%
ring
50%
her
50%
hand
50%
don't
50%
know
50%
where
50%
if
50%
weren't
50%
know
50%
where
50%
I'll
50%
me
50%
cover
50%
me
50%
aint
33.3%
afraid
33.3%
growing
33.3%
when
33.3%
die
33.3%
There'll
33.3%
no
33.3%
need
33.3%
cry
33.3%
won't
33.3%
need
33.3%
your
33.3%
sympathy
33.3%
When
33.3%
up
33.3%
with
33.3%
feet
33.3%
earth
33.3%
Remove Ads.
Support Sporcle.
Get the best of Sporcle when you Go Orange. This ad-free experience offers more features, more stats, and more fun while also helping to support Sporcle. Thank you for becoming a member.

You're not logged in!

Compare scores with friends on all Sporcle quizzes.
OR
Log In

Show Comments

Extras

Top Quizzes Today


Score Distribution

Your Account Isn't Verified!

In order to create a playlist on Sporcle, you need to verify the email address you used during registration. Go to your Sporcle Settings to finish the process.

Report this User

Report this user for behavior that violates our Community Guidelines.

Details: